| 000 | 00842cam a22002411a 4500 | ||
|---|---|---|---|
| 001 | 19456 | ||
| 003 | BD-RjUL | ||
| 005 | 20211209000432.0 | ||
| 008 | 140224s1946 enk 0 eng d | ||
| 035 | _a(BD-RjUL)19516 | ||
| 040 |
_aNUN _beng _cNUN _dBD-RjUL |
||
| 041 | _aeng | ||
| 082 | 0 | 4 |
_a685.31 _bBOB 1946 |
| 110 | 2 |
_aBoard of Trade Working Party. _959788 |
|
| 245 | 1 | 0 |
_aBoots and shoes / _creport of the Boot and Shoe Working Party under the chairmanship of Sir T.P.Bennett. |
| 260 |
_aLondon : _bH.M.S.O., _c1946. |
||
| 300 |
_aviii, 190 p. : _bill. ; _c24 cm. |
||
| 490 | 1 | _aWorking Party reports / Gt. Brit. - Board of Trade | |
| 650 | 0 |
_aFootwear industry _zGreat Britain. _959781 |
|
| 700 | 1 |
_aBennett, Thomas Penberthy, _cSir. _959782 |
|
| 830 | 0 |
_aWorking Party reports (Great Britain. Board of Trade) _959783 |
|
| 942 |
_2ddc _cBK |
||
| 999 |
_c19456 _d19456 |
||